00568nam a22001817a 4500003000400000005001700004008002600021020001800047040002500065082002900090100003000119245003700149260005200186300002700238500007000265650002400335650002700359OSt20260321073644.0210301b a 00| 0 spa d a9789945587227 aDO-SdBNPbspacBNPHU 4aRD863.44bB742c 202022210a Bosch, Juan, d1909-200110aCuento de Navidad /cJuan Bosch. aSanto Domingo :bFundaciòn Juan Bosch,c2020. a147 p. :bil. ;c29 cm aIncluye datos biográficos del autor en la solapa de la cubierta10aCuentos dominicanos10aLiteratura dominicana.